000 00491nam a2200181 i 4500
001 30818
003 ES-MaACL
007 t|
008 030127s1984 sp ||||1| spa d
100 1 _aBellido, José María.
_927211
245 1 3 _aEl baño /
_cJosé María Bellido.
260 _a[Madrid :
_bPreyson,
_c1984]
300 _a95 p. ;
_c16 cm.
490 1 _aArte escénico ;
_v44
830 0 _aArte escénico ;
_v44
_9180796
852 _aES-MaACL
_jL-7374
_bR.108108
999 _c30818
_d30818